000 00371nam a2200181Ia 4500
008 210210b1936 xxu||||| |||| 00| 0 eng d
041 _aeng
082 _a386/89
100 _a-
245 _aIndian compaines act
260 _aBombay
_b-
_c1936
300 _a234
650 _aIndian
650 _acompaines
650 _aact
690 _aLaw
906 _a005641
999 _c125677
_d125677